000 00640nam a22001937a 4500
999 _c168228
_d168228
005 20190928160201.0
010 _aB-92410
020 _a8173871442
_c150.00
035 _aB-92410
037 _bIndus Publishing Company
082 _a615.882
_bCOL
100 _aCollins, Teresa
245 _aReiki at hand :
_cby Teresa Collins
_bA guide to self- empowerment and natural healing /
260 _aNew Delhi
_bIndus Publishing company
_c2003
270 _aFS-5, Tagore Garden,
_bNew Delhi
_e110027
300 _a176p.
_c23cm(pbk)
_bill.
500 _aIncludes bibliography
942 _2ddc
_cEN
_mCOL
_h615.882
_k615.882/COL